000 00750nam a2200169 a 4500
001 000029911
005 20200930055913.0
008 110427s1979 dr ac 000 0 spa d
040 _aDO-SdBNP
_bspa
_cBNPHU
082 _axxx
_bC749a
111 1 _aCongreso de la Asociación Dominicana de agencias de viajes de la República Dominicana.
_n(5to :
_d1979 abr. 26-29 :
_cPuerto Plata)
_956647
245 1 0 _aV congreso de la Asociación Dominicana de agencias de viajes de la República Dominicana.
246 _aQuinto congreso de la Asociación Dominicana de agencias de viajes de la República Dominicana.
260 _aPuerto Plata, República Dominicana :
_bArtes Gráficas Ril,
_c[1979?].
300 _a133 P. :
_bil., retr. ;
_c23 cm.
049 _aBNPD
999 _c29403
_d29403